Catálogo
Digital

Catálogo
Digital

Ecuador Debate N°112. Polarizaciones populistas en las Américas (Record no. 13552)

MARC details
000 -CABECERA
campo de control de longitud fija 02145nam a2200385 4500
003 - IDENTIFICADOR DEL NÚMERO DE CONTROL
campo de control EC-UNACH
005 - FECHA Y HORA DE LA ÚLTIMA TRANSACCIÓN
campo de control 20250515114414.0
006 - CÓDIGOS DE INFORMACIÓN DE LONGITUD FIJA--CARACTERÍSTICAS DEL MATERIAL ADICIONAL
campo de control de longitud fija s||||gr|||| 00| 00
008 - DATOS DE LONGITUD FIJA--INFORMACIÓN GENERAL
campo de control de longitud fija 150116t9999 mx r gr 000 0 spa d
020 ## - NÚMERO INTERNACIONAL ESTÁNDAR DEL LIBRO
Número Internacional Estándar del Libro 9789942963574
040 ## - FUENTE DE LA CATALOGACIÓN
Centro catalogador/agencia de origen EC-UNACH
Centro/agencia transcriptor EC-UNACH
041 ## - CÓDIGO DE LENGUA
Código de lengua del texto/banda sonora o título independiente spa
082 04 - NÚMERO DE LA CLASIFICACIÓN DECIMAL DEWEY
Número de edición 23
Número de clasificación 300
Número de documento/Ítem L017759
110 ## - ENTRADA PRINCIPAL--NOMBRE DE ENTIDAD CORPORATIVA
Nombre de entidad corporativa o nombre de jurisdicción como elemento de entrada Centro Andino de Acción Popular (CAAP)
245 ## - MENCIÓN DE TÍTULO
Título Ecuador Debate N°112. Polarizaciones populistas en las Américas
250 ## - MENCIÓN DE EDICIÓN
Mención de edición Primera edición
264 ## - Producción, publicación, distribución, fabricación y copyright
Lugar de producción, publicación, distribución, fabricación Quito – Ecuador
Nombre del de productor, editor, distribuidor, fabricante CAAP
Fecha de de producción, publicación, distribución, fabricación o copyright 2021
300 ## - DESCRIPCIÓN FÍSICA
Extensión 230 páginas
Otras características físicas Tablas, Gráficos
Dimensiones 14,5 X 21 cm
505 ## - NOTA DE CONTENIDO CON FORMATO
Nota de contenido con formato COYUNTURA.- Fragmentación, polarización y construcción de política en las elecciones del 2021. -- Elecciones Ecuador 2021 ¿Un retorno a la fragmentación e ingobernabilidad?. -- Sobre "nuevas" y "viejas" pandemias en América Latina. -- Conflictividad socio-política: Noviembre/2020-Febrero/2021. -- TEMA CENTRAL.- Polarización, fragmentación y competencia en las democracias liberales. -- Trump y la polarización populista. -- "Brasil por encima de todo y Dios encima de todos". El populismo de Jair Bolsonaro. -- Polarización como base del populismo: el caso de México. -- La Venezuela de Nicolás Maduro: polarización sin populismo. -- Consolidando el poder en El Salvador: El caso de Nayib Bukele. -- DEBATE AGRARIO -RURAL.- Agricultura campesina de la Costa ecuatoriana: realidades y perspectivas. -- ANÁLISIS.- El ethos barroco y la historia del Nuevo Mundo. -- Riesgos e implicaciones estructurales del fenómeno de la corrupción en América Latina.
650 ## - PUNTO DE ACCESO ADICIONAL DE MATERIA--TÉRMINO DE MATERIA
Término de materia o nombre geográfico como elemento inicial GOBERNABILIDAD
650 ## - PUNTO DE ACCESO ADICIONAL DE MATERIA--TÉRMINO DE MATERIA
Término de materia o nombre geográfico como elemento inicial DEMOCRACIAS LIBERALES
650 ## - PUNTO DE ACCESO ADICIONAL DE MATERIA--TÉRMINO DE MATERIA
Término de materia o nombre geográfico como elemento inicial TRUMP Y LA POLARIZACIÓN POPULISTA
650 ## - PUNTO DE ACCESO ADICIONAL DE MATERIA--TÉRMINO DE MATERIA
Término de materia o nombre geográfico como elemento inicial LA VENEZUELA DE NICOLÁS MADURO
650 ## - PUNTO DE ACCESO ADICIONAL DE MATERIA--TÉRMINO DE MATERIA
Término de materia o nombre geográfico como elemento inicial NAYIB BUKELE
700 ## - PUNTO DE ACCESO ADICIONAL--NOMBRE DE PERSONA
Nombre de persona Camino, Juan Francisco
700 ## - PUNTO DE ACCESO ADICIONAL--NOMBRE DE PERSONA
Nombre de persona Prutsch, Ursula
700 ## - PUNTO DE ACCESO ADICIONAL--NOMBRE DE PERSONA
Nombre de persona Olvera, Alberto
700 ## - PUNTO DE ACCESO ADICIONAL--NOMBRE DE PERSONA
Nombre de persona López Maya, Margarita
700 ## - PUNTO DE ACCESO ADICIONAL--NOMBRE DE PERSONA
Nombre de persona Guerrero Burgos, Rafael
942 ## - ELEMENTOS DE PUNTO DE ACCESO ADICIONAL (KOHA)
Fuente del sistema de clasificación o colocación Clasificación Decimal Dewey
Tipo de ítem Koha Libros
999 ## - NÚMEROS DE CONTROL DE SISTEMA (KOHA)
Koha biblionumber 13552
Holdings
Estado de pérdida Fuente del sistema de clasificación o colocación Estado dañado No para préstamo Localización permanente Ubicación/localización actual Ubicación en estantería Fecha de adquisición Fuente de adquisición Número de inventario Total de préstamos Signatura topográfica completa Código de barras Fecha visto por última vez Precio válido a partir de Tipo de ítem Koha Centro de costos
  Clasificación Decimal Dewey     Biblioteca Campus Norte Biblioteca Campus Norte Facultad de Ciencias Políticas y Administrativas - Generalidades 25/04/2025 Donación CAAP 39686990   300 CEN L017759 L017759 25/04/2025 25/04/2025 Libros  

Powered by Koha